Quick Pick: Math Theorems and Formulas Quiz Stats

 Plays Quiz Updated Oct 10, 2017

Challenge
Share
Tweet
Embed
Score 0/8 Timer 01:30
0 Plays Today
% Correct
Pythagorean Theorem
84.6%
Fundamental Theorem of Calculus
63.8%
Euler's Polyhedral Formula
52.7%
Bayes' Theorem
52.4%
Fermat's Last Theorem
47.9%
Fundamental Theorem of Arithmetic
44.7%
Fundamental Theorem of Algebra
40.4%
Lagrange's Theorem
29.5%

Today's Daily Dose

Word Ladder
Bruno Mars Song

Get the Picture
Japanese Cars

You're not logged in!

Compare scores with friends on all Sporcle quizzes.
OR
Log In

You Might Also Like...

Show Comments

Extras

Top Quizzes Today


Score Distribution

Your Account Isn't Verified!

In order to create a playlist on Sporcle, you need to verify the email address you used during registration. Go to your Sporcle Settings to finish the process.

Report this User

Report this user for behavior that violates our Community Guidelines.

Details: